<?xml version="1.0" encoding="UTF-8"?><?xml-stylesheet type="text/xsl" href="static/style.xsl"?><OAI-PMH xmlns="http://www.openarchives.org/OAI/2.0/" xmlns:xsi="http://www.w3.org/2001/XMLSchema-instance" xsi:schemaLocation="http://www.openarchives.org/OAI/2.0/ http://www.openarchives.org/OAI/2.0/OAI-PMH.xsd"><responseDate>2026-04-27T20:01:10Z</responseDate><request verb="GetRecord" identifier="oai:uvadoc.uva.es:10324/7314" metadataPrefix="marc">https://uvadoc.uva.es/oai/request</request><GetRecord><record><header><identifier>oai:uvadoc.uva.es:10324/7314</identifier><datestamp>2021-06-29T10:12:17Z</datestamp><setSpec>com_10324_38</setSpec><setSpec>col_10324_852</setSpec></header><metadata><record xmlns="http://www.loc.gov/MARC21/slim" xmlns:doc="http://www.lyncode.com/xoai" xmlns:xsi="http://www.w3.org/2001/XMLSchema-instance" xmlns:dcterms="http://purl.org/dc/terms/" xsi:schemaLocation="http://www.loc.gov/MARC21/slim http://www.loc.gov/standards/marcxml/schema/MARC21slim.xsd">
<leader>00925njm 22002777a 4500</leader>
<datafield tag="042" ind1=" " ind2=" ">
<subfield code="a">dc</subfield>
</datafield>
<datafield tag="720" ind1=" " ind2=" ">
<subfield code="a">Pérez Hernández, Estefanía</subfield>
<subfield code="e">author</subfield>
</datafield>
<datafield tag="260" ind1=" " ind2=" ">
<subfield code="c">2014</subfield>
</datafield>
<datafield tag="520" ind1=" " ind2=" ">
<subfield code="a">Este Trabajo Fin de Grado en Educación Infantil trata de la utilización de la programación televisiva infantil como recurso didáctico que conduce a infinidad de conocimientos y aprendizajes. Su elaboración se ha basado en una investigación bibliográfica a partir de la cual, hemos realizado un repaso al mundo de los medios de comunicación, en especial al mundo televisivo, analizando antecedentes, situación actual y las ventajas que ofrece como recurso didáctico en la escuela. A partir de este análisis hemos diseñado una propuesta didáctica, basada en la interdisciplinaridad, donde se utiliza la serie de dibujos animados Caillou como elemento motivador y eje transversal, la cual ha sido puesta en práctica y analizada en este trabajo.</subfield>
</datafield>
<datafield tag="024" ind2=" " ind1="8">
<subfield code="a">http://uvadoc.uva.es/handle/10324/7314</subfield>
</datafield>
<datafield ind1=" " ind2=" " tag="653">
<subfield code="a">Televisión - aspecto educativo</subfield>
</datafield>
<datafield ind1=" " ind2=" " tag="653">
<subfield code="a">Educación infantil</subfield>
</datafield>
<datafield tag="245" ind1="0" ind2="0">
<subfield code="a">La programación infantil emitida en televisión como recurso educativo en un aula de Educación Infantil</subfield>
</datafield>
</record></metadata></record></GetRecord></OAI-PMH>